000
00328nam a2200133Ia 4500
003
SEM
008
141116s9999 xx 000 0 und d
100
_a
Լիգվորի Ալփ.
245
_a
Կրթություն սիրելոյ զՀիսուս
260
_a
Վենետիկ
260
_c
1853
300
_a
466
942
_2
udc
_c
BK
999
_c
48051
_d
48051